[Event "Titled Tuesday intern op 23rd Apr Late"]
[Site "Chess.com INT"]
[Date "2024.04.23"]
[Round "2"]
[White "Yevchenko, Alexander"]
[Black "Hungaski, Robert Andrew"]
[Result "1-0"]
[WhiteElo "2276"]
[BlackElo "2471"]
[PlyCount "61"]
[EventDate "2024.04.23"]
[EventType "swiss (blitz)"]
[EventRounds "11"]
[EventCountry "USA"]
[SourceTitle "CB18_2024"]
[SourceDate "2024.05.01"]
[SourceVersion "1"]
[SourceVersionDate "2024.05.01"]
[SourceQuality "2"]

1. c4 g6 2. Nc3 Bg7 3. d4 c5 4. Nf3 d6 5. dxc5 Bxc3+ 6. bxc3 dxc5 7. Qxd8+ Kxd8 8. Bf4 Be6 9. e4 h6 10. 0-0-0+ Nd7 11. Be2 Ngf6 12. Nd2 Kc8 13. h3 h5 14. e5 Nh7 15. Ne4 h4 16. Bg4 Nhf8 17. Ng5 Bxg4 18. hxg4 f6 19. exf6 exf6 20. Nf7 Rh7 21. Rhe1 b6 22. Re8+ Kb7 23. Nd6+ Ka6 24. Rxa8 Ne6 25. Nb5 Ndf8 26. Bd6 Kb7 27. Rxa7+ Kc6 28. Bxf8 Rxa7 29. Nxa7+ Kb7 30. Rd7+ Ka6 31. Nb5 1-0

[Event "Titled Tuesday intern op 23rd Apr Late"]
[Site "Chess.com INT"]
[Date "2024.04.23"]
[Round "5"]
[White "Yevchenko, Alexander"]
[Black "Seletsky, Grigory"]
[Result "0-1"]
[WhiteElo "2276"]
[BlackElo "2214"]
[PlyCount "80"]
[EventDate "2024.04.23"]
[EventType "swiss (blitz)"]
[EventRounds "11"]
[EventCountry "USA"]
[SourceTitle "CB18_2024"]
[SourceDate "2024.05.01"]
[SourceVersion "1"]
[SourceVersionDate "2024.05.01"]
[SourceQuality "2"]

1. c4 Nf6 2. Nc3 c6 3. e4 d6 4. Nf3 e5 5. d4 Nbd7 6. Be2 Be7 7. h3 0-0 8. Be3 Qc7 9. Qc2 Re8 10. 0-0 Nf8 11. Rfe1 Ng6 12. Rad1 h6 13. b4 Nh7 14. c5 Ng5 15. Nxg5 Bxg5 16. cxd6 Qxd6 17. dxe5 Qxe5 18. Bd4 Qe7 19. Bc5 Qf6 20. Rd6 Be6 21. Red1 Bf4 22. R6d3 Ne5 23. Bd4 Qg5 24. Bxe5 Bxe5 25. b5 h5 26. bxc6 bxc6 27. Na4 Rac8 28. Nc5 h4 29. Nxe6 Rxe6 30. Bg4 Rce8 31. Bxe6 Rxe6 32. Rf3 Rg6 33. g3 hxg3 34. fxg3 Bxg3 35. Kh1 Be5 36. Qf2 c5 37. Rxf7 Qh5 38. Rf8+ Kh7 39. Qf3 Qh4 40. Qf5 Bf6 0-1

[Event "Titled Tuesday intern op 16th Apr Late"]
[Site "Chess.com INT"]
[Date "2024.04.16"]
[Round "3"]
[White "Yevchenko, Alexander"]
[Black "Grahn, Vidar"]
[Result "1-0"]
[WhiteElo "2276"]
[BlackElo "2247"]
[PlyCount "29"]
[EventDate "2024.04.16"]
[EventType "swiss (blitz)"]
[EventRounds "11"]
[EventCountry "USA"]
[SourceTitle "CB17_2024"]
[SourceDate "2024.04.24"]
[SourceVersion "1"]
[SourceVersionDate "2024.04.24"]
[SourceQuality "1"]

1. c4 e6 2. e4 d5 3. exd5 exd5 4. cxd5 Nf6 5. Nc3 Nxd5 6. Bc4 c6 7. d4 Bb4 8. Nge2 0-0 9. 0-0 Bg4 10. Qb3 Bd6 11. Bxd5 cxd5 12. Qxb7 Qh4 13. Ng3 Nd7 14. Qxd5 Bc7 15. Bg5 1-0

[Event "Titled Tuesday intern op 02nd Apr Late"]
[Site "Chess.com INT"]
[Date "2024.04.02"]
[Round "7"]
[White "Brahami, Lamine"]
[Black "Yevchenko, Alexander"]
[Result "0-1"]
[WhiteElo "2188"]
[BlackElo "2276"]
[PlyCount "122"]
[EventDate "2024.04.02"]
[EventType "swiss (blitz)"]
[EventRounds "11"]
[EventCountry "USA"]
[SourceTitle "CB15_2024"]
[SourceDate "2024.04.10"]
[SourceVersion "1"]
[SourceVersionDate "2024.04.10"]
[SourceQuality "1"]

1. d4 Nf6 2. Nf3 d5 3. e3 c5 4. Bb5+ Bd7 5. Bxd7+ Nbxd7 6. 0-0 e6 7. c3 Bd6 8. Nbd2 0-0 9. Re1 Ne4 10. Nxe4 dxe4 11. Nd2 f5 12. Nf1 Nf6 13. f3 cxd4 14. exd4 e5 15. fxe4 Nxe4 16. Be3 Qf6 17. Nd2 Nxd2 18. Qxd2 f4 19. Bf2 Rad8 20. Qe2 f3 21. Qxf3 Qxf3 22. gxf3 exd4 23. Bxd4 Rxf3 24. Rad1 b6 25. Be5 Bc5+ 26. Kh1 Re8 27. Rb1 Rf2 28. b4 Bf8 29. a4 g6 30. Bd4 Rxe1+ 31. Rxe1 Ra2 32. a5 bxa5 33. b5 Rb2 34. c4 Rb4 35. Bxa7 Rxc4 36. b6 Rb4 37. Re8 Kf7 38. Rc8 a4 39. Rc7+ Ke6 40. b7 Bd6 41. Rg7 a3 42. Rxh7 a2 43. b8Q Bxb8 44. Bd4 Rb1+ 45. Kg2 Be5 46. Bxe5 Kxe5 47. Ra7 a1Q 48. Rxa1 Rxa1 49. Kg3 Ra3+ 50. Kh4 Kf6 51. h3 Ra4+ 52. Kg3 Kg5 53. h4+ Kh5 54. Kh3 Ra3+ 55. Kh2 Kxh4 56. Kg1 Kg3 57. Kf1 Ra2 58. Ke1 g5 59. Kd1 Kf3 60. Kc1 Re2 61. Kb1 Ke3 0-1

[Event "Titled Tuesday intern op 02nd Apr Late"]
[Site "Chess.com INT"]
[Date "2024.04.02"]
[Round "10"]
[White "Kazmaier, Daniel"]
[Black "Yevchenko, Alexander"]
[Result "1-0"]
[WhiteElo "2180"]
[BlackElo "2276"]
[PlyCount "71"]
[EventDate "2024.04.02"]
[EventType "swiss (blitz)"]
[EventRounds "11"]
[EventCountry "USA"]
[SourceTitle "CB15_2024"]
[SourceDate "2024.04.10"]
[SourceVersion "1"]
[SourceVersionDate "2024.04.10"]
[SourceQuality "1"]

1. d4 Nf6 2. Bg5 Ne4 3. Bf4 d5 4. c4 e6 5. f3 Bb4+ 6. Nd2 Nf6 7. a3 Bd6 8. Bg5 h6 9. Bh4 0-0 10. e3 c5 11. Bd3 cxd4 12. exd4 Nc6 13. Ne2 e5 14. cxd5 Nxd4 15. Nxd4 exd4 16. 0-0 Re8 17. Qa4 b6 18. Rac1 Bf4 19. Bxf6 gxf6 20. Ne4 Bxc1 21. Rxc1 Kg7 22. Qxd4 Bb7 23. d6 Bxe4 24. Bxe4 Rc8 25. Rxc8 Qxc8 26. d7 Qc1+ 27. Kf2 Rd8 28. b4 Qxa3 29. Qd6 Qa2+ 30. Kf1 Qc4+ 31. Kf2 Qe6 32. Qg3+ Kh8 33. Qh4 Kg8 34. Qxh6 f5 35. Qg5+ Kh7 36. Bxf5+ 1-0

[Event "Titled Tuesday intern op 02nd Apr Early"]
[Site "Chess.com INT"]
[Date "2024.04.02"]
[Round "5"]
[White "Koridze, Lile"]
[Black "Yevchenko, Alexander"]
[Result "0-1"]
[WhiteElo "2121"]
[BlackElo "2276"]
[PlyCount "74"]
[EventDate "2024.04.02"]
[EventType "swiss (blitz)"]
[EventRounds "11"]
[EventCountry "USA"]
[SourceTitle "CB15_2024"]
[SourceDate "2024.04.10"]
[SourceVersion "1"]
[SourceVersionDate "2024.04.10"]
[SourceQuality "1"]

1. d4 Nf6 2. c4 e6 3. Nf3 d5 4. g3 c5 5. cxd5 exd5 6. Bg2 Nc6 7. 0-0 c4 8. Nc3 Be6 9. Ne5 Bd6 10. Nxc6 bxc6 11. e4 dxe4 12. Nxe4 0-0 13. Bg5 Be7 14. Nxf6+ Bxf6 15. Bxf6 Qxf6 16. Bxc6 Rab8 17. d5 Bh3 18. Re1 Rxb2 19. f4 Rg2+ 20. Kh1 Qb2 21. Qf3 Rxh2+ 22. Kg1 Bg2 23. Qe2 Qxe2 24. Rxe2 Rh1+ 25. Kxg2 Rxa1 26. d6 Rd1 27. d7 c3 28. Ba4 Rd2 29. Kf2 Rd8 30. Rxd2 cxd2 31. Ke2 h5 32. Kxd2 Kf8 33. Ke3 Ke7 34. Ke4 g6 35. f5 g5 36. Ke5 f6+ 37. Kd5 Rxd7+ 0-1

[Event "Titled Tuesday intern op 02nd Apr Early"]
[Site "Chess.com INT"]
[Date "2024.04.02"]
[Round "9"]
[White "Mena, Martin"]
[Black "Yevchenko, Alexander"]
[Result "0-1"]
[WhiteElo "1971"]
[BlackElo "2276"]
[PlyCount "84"]
[EventDate "2024.04.02"]
[EventType "swiss (blitz)"]
[EventRounds "11"]
[EventCountry "USA"]
[SourceTitle "CB15_2024"]
[SourceDate "2024.04.10"]
[SourceVersion "1"]
[SourceVersionDate "2024.04.10"]
[SourceQuality "1"]

1. c4 e5 2. g3 Nc6 3. Bg2 Nf6 4. Nc3 Bb4 5. e4 a5 6. Nge2 Bc5 7. 0-0 d6 8. h3 Be6 9. d3 Qd7 10. Kh2 h5 11. f4 Ng4+ 12. Kh1 exf4 13. gxf4 Nf2+ 14. Rxf2 Bxf2 15. Qf1 Bd4 16. f5 Bxc3 17. Nxc3 Ne5 18. fxe6 fxe6 19. d4 Nc6 20. Qd3 0-0-0 21. Bg5 Rdf8 22. h4 Rf2 23. Be3 Rxb2 24. Bh3 Nb4 25. Qf1 Kb8 26. Rb1 Rc2 27. Ne2 Qe7 28. Bg5 Qe8 29. Qd1 Rxa2 30. Nf4 Rf8 31. Ra1 Rxa1 32. Qxa1 Qc6 33. Qe1 Qxc4 34. Qe2 Qc1+ 35. Kg2 Rxf4 36. Bxf4 Qxf4 37. Bxe6 Qxh4 38. Bh3 Qg5+ 39. Kh2 Qf4+ 40. Kg2 Nc6 41. e5 Nxd4 42. Qxh5 Qe4+ 0-1